| 000 | 00552nam a22001577a 4500 | ||
|---|---|---|---|
| 008 | 160202b xxu||||| |||| 00| 0 eng d | ||
| 050 | _aAFR BP 166.2 .P47 1990 | ||
| 100 | _aPhillip Bilal ameenah Abu | ||
| 245 |
_aThe fundamentals of tawheed (Islamic Monotheism) / _cPhillip Bilal ameenah Abu |
||
| 260 |
_aSaudi Arabia: _bTawheed Publishers; _c1990 |
||
| 300 |
_aVii, 213p. : _c21cm |
||
| 500 | _aInclude Bibliographies | ||
| 650 | _aIslamic | ||
| 650 | _aTawheed | ||
| 942 |
_2lcc _cAFRICANA _hAFR BP 166.2 .P47 1990 |
||
| 999 |
_c11044 _d11044 |
||